| 000 | 00714nam a2200241Ia 4500 | ||
|---|---|---|---|
| 003 | OSt | ||
| 005 | 20220923224414.0 | ||
| 006 | a|||||r|||| 00| 0 | ||
| 007 | ta | ||
| 008 | Pun | ||
| 024 | _a232,017 | ||
| 037 | _cTextual | ||
| 040 |
_aARTS _cARTS _bPun |
||
| 041 |
_2Pun _aPun |
||
| 082 | _aO153,1xN3, K9 | ||
| 100 | _aਪ੍ਰਮਿੰਦਰਜੀਤ, ਥਦ. | ||
| 245 | 0 | _aਕਲਮਾਂ ਦੇ ਰਿFਤੇ | |
| 260 |
_aਨੰਗਲ _b ਪੰਜਾਬੀ ਲੇਖਕ ਪ੍ਰਕਹFਨ _c1969 |
||
| 300 |
_a160ਪੰ _ccm. |
||
| 650 | _aਪੰਜਾਬੀ ਸਾਹਿਤ | ||
| 942 |
_hO153,1xN3, K9 _cTEXL _2CC |
||
| 999 |
_c371202 _d371202 |
||